Music Quiz

Random Music or Lyrics Quiz

Guess The Nightwish Lyrics 6 Quiz Stats

Quiz not verified by Sporcle

Also try: '80s Metal Bands
Challenge
Share
Tweet
Embed
Score 0/163 Timer 07:00
0 Plays Today
% Correct
the
93.1%
A
93.1%
The
93.1%
the
93.1%
a
93.1%
a
93.1%
The
93.1%
the
93.1%
A
93.1%
The
93.1%
the
93.1%
The
93.1%
the
93.1%
the
93.1%
the
93.1%
a
93.1%
A
93.1%
and
93.1%
the
93.1%
a
93.1%
The
93.1%
a
93.1%
the
93.1%
a
93.1%
a
93.1%
the
93.1%
A
93.1%
The
93.1%
On
66.7%
in
66.7%
in
66.7%
in
66.7%
in
66.7%
in
66.7%
in
66.7%
On
66.7%
me
66%
me
66%
me
66%
me
66%
me
66%
me
66%
to
63.5%
to
63.5%
to
63.5%
to
63.5%
of
59.7%
of
59.7%
of
59.7%
of
59.7%
for
59.1%
for
59.1%
for
59.1%
for
59.1%
for
59.1%
% Correct
be
57.9%
be
57.9%
be
57.9%
wish
52.8%
wish
52.8%
wish
52.8%
night
52.2%
I
52.2%
I
52.2%
night
52.2%
I
52.2%
it
50.3%
it
50.3%
love
50.3%
it
50.3%
this
49.7%
child
41.5%
as
39.6%
by
39.6%
as
39.6%
by
39.6%
by
39.6%
as
39.6%
heart
39%
heart
39%
heart
39%
heart
39%
heart
39%
heart
39%
heart
39%
but
38.4%
dead
37.1%
time
37.1%
sea
35.8%
sea
35.8%
world
34%
world
34%
world
34%
life
32.7%
life
32.7%
lonely
30.8%
lonely
30.8%
lonely
30.8%
shore
30.2%
shore
30.2%
Kiss
29.6%
away
29.6%
Kiss
29.6%
Kiss
29.6%
Silent
28.3%
believe
28.3%
within
28.3%
lost
28.3%
Silent
28.3%
believe
28.3%
% Correct
made
27.7%
made
27.7%
made
27.7%
Wind
27%
Wind
27%
Wind
27%
wistful
26.4%
kindest
26.4%
kindest
26.4%
wistful
25.9%
Little
25.8%
Home
25.8%
Little
25.8%
Little
25.8%
Little
25.8%
surrounding
25.2%
forget
25.2%
surrounding
25.2%
wheat
24.5%
hideaways
24.5%
longing
24.5%
wheat
24.5%
hideaways
24.5%
hideaways
24.5%
wheat
24.5%
hideaways
24.5%
good
23.9%
Human
23.9%
winter
23.9%
cruelest
23.3%
inside
23.3%
mortal
23.3%
coil
23.3%
suffering
22.6%
Frozen
22.6%
moments
22.6%
Cast
22%
beauty's
22%
void
22%
morn
22%
hearth
21.4%
strife
21.4%
hearth
21.4%
calm
21.4%
hearth
21.4%
Slave
20.8%
smile
20.8%
stranger
20.8%
marrow
20.8%
gloom
20.1%
toil
20.1%
Morning
20.1%
birds
19.5%

You're not logged in!

Compare scores with friends on all Sporcle quizzes.
Join for Free
OR
Log In

You Might Also Like...

Show Comments

Extras

Created Nov 15, 2012ReportNominate
Tags:Lyrics Quiz, Song Quiz, nightwish

Top Quizzes Today


Score Distribution

Your Account Isn't Verified!

In order to create a playlist on Sporcle, you need to verify the email address you used during registration. Go to your Sporcle Settings to finish the process.

Report this User

Report this user for behavior that violates our Community Guidelines.

Details: